BIBLIOTECA PODER JUDICIAL
Portal Judicial TDF

El salario del trabajador rural en el régimen de la ley 26.727. Competencia de la Comisión Nacional de Trabajo Agrario / (Registro nro. 5923)

000 -LEADER
fixed length control field 01548nab a22002177a 4500
003 - CONTROL NUMBER IDENTIFIER
control field OSt
005 - DATE AND TIME OF LATEST TRANSACTION
control field 20260114010102.0
008 - FIXED-LENGTH DATA ELEMENTS--GENERAL INFORMATION
fixed length control field 190605e xxu||||| |||| 00| 0 spa d
040 ## - CATALOGING SOURCE
Transcribing agency PJ
100 ## - MAIN ENTRY--PERSONAL NAME
9 (RLIN) 6374
Personal name García Huidobro, Victoria
245 13 - TITLE STATEMENT
Title El salario del trabajador rural en el régimen de la ley 26.727. Competencia de la Comisión Nacional de Trabajo Agrario /
Statement of responsibility, etc Victoria García Huidobro.
260 ## - PUBLICATION, DISTRIBUTION, ETC. (IMPRINT)
Place of publication, distribution, etc Ciudad Autónoma de Buenos Aires :
Name of publisher, distributor, etc Thomson Reuters La Ley,
Date of publication, distribution, etc 2024.
300 ## - PHYSICAL DESCRIPTION
Extent p. 68-83
500 ## - GENERAL NOTE
General note Cita: TR LALEY AR/DOC/3003/2023.<br/><br/>
505 ## - FORMATTED CONTENTS NOTE
Formatted contents note Sumario: I. Antecedentes históricos.— II. Nociones básicas del Régimen de Trabajo Agrario, instituido por ley 26.727.— III. Síntesis preliminar.— IV. La res. 230/2022 de la CNTA.— V. La Competencia de la Comisión Nacional de Trabajo Agrario.— VI. Deliberación y buena fe negocial.— VII. La motivación de la res. 230/2022.— VIII. La razonabilidad de la medida.— IX. La medida cautelar dictada en autos "Sociedad Rural Argentina Asociación Civil y otros c. Ministerio de Trabajo Empleo y Seguridad Social de la Nación s/ medida cautelar" (Expte. CNT 2473/2023).— X. Conclusión.— XI. Bibliografía.
505 ## - FORMATTED CONTENTS NOTE
Title ¿Te interesa el texto completo? Solicitalo al correo: koha@justierradelfuego.gov.ar
650 #0 - SUBJECT ADDED ENTRY--TOPICAL TERM
9 (RLIN) 1316
Topical term or geographic name as entry element DERECHO LABORAL
650 #0 - SUBJECT ADDED ENTRY--TOPICAL TERM
9 (RLIN) 1364
Topical term or geographic name as entry element TRABAJADORES RURALES
773 0# - HOST ITEM ENTRY
Host Biblionumber 2711
Host Itemnumber 3168
Place, publisher, and date of publication Ciudad Autónoma de Buenos Aires : Thomson Reuters La Ley, 1999-2002.
Title Revista de derecho del trabajo. Nº 1 - Enero 2024
942 ## - ADDED ENTRY ELEMENTS (KOHA)
Source of classification or shelving scheme
Koha item type Analítica Artículo de Revista

No hay ítems disponibles.

12 de Octubre 789 Ushuaia - Tel:  54(02901)441571
Horario de Atención: 8.00 a 17.00 hs. 
bibliotecaush@justierradelfuego.gov.ar
koha@justierradelfuego.gov.ar
Seguinos en nuestras redes @bibliojustdf 

Con tecnología Koha